[Event "POL-chT U19 2nd League"]
[Site "Iwonicz"]
[Date "2016.07.31"]
[Round "4.22"]
[White "Binek, Dawid"]
[Black "Klimkowski, Jan"]
[Result "1-0"]
[WhiteElo "1288"]
[BlackElo "1443"]
[PlyCount "67"]
[EventDate "2016.07.23"]
[EventType "team-swiss"]
[EventRounds "11"]
[EventCountry "POL"]
[SourceTitle "EXT 2019"]
[Source "ChessBase"]
[SourceDate "2018.10.10"]
[SourceVersion "1"]
[SourceVersionDate "2018.10.10"]
[SourceQuality "1"]
[WhiteTeam "Czestochowa UKS Hetman U19"]
[BlackTeam "Konin UKS Smecz U19"]
[WhiteTeamCountry "POL"]
[BlackTeamCountry "POL"]

1. Nf3 c5 2. c3 Nf6 3. d4 cxd4 4. cxd4 d5 5. g3 Nc6 6. Bg2 g6 7. 0-0 Bg7 8. e3 0-0 9. Nc3 Re8 10. a3 e6 11. b4 Bd7 12. Bb2 Rc8 13. Rc1 Qb6 14. Na4 Qb5 15. Nc3 Qb6 16. Na4 Qd8 17. Nc5 b6 18. Nd3 Ne4 19. Nd2 f5 20. Nxe4 dxe4 21. Nf4 e5 22. dxe5 Nxe5 23. Bxe5 Bxe5 24. Qd5+ Kh8 25. Rcd1 Bc6 26. Qb3 Qf6 27. b5 Bxf4 28. gxf4 Ba8 29. Rd7 Re7 30. Rfd1 Rxd7 31. Rxd7 Rc1+ 32. Bf1 Qh4 33. Qb2+ Kg8 34. Qg7# 1-0

[Event "POL-chT U19 2nd League"]
[Site "Iwonicz"]
[Date "2016.07.31"]
[Round "8.64"]
[White "Binek, Dawid"]
[Black "Ullrich, Agata"]
[Result "1-0"]
[WhiteElo "1288"]
[BlackElo "1196"]
[PlyCount "79"]
[EventDate "2016.07.23"]
[EventType "team-swiss"]
[EventRounds "11"]
[EventCountry "POL"]
[SourceTitle "EXT 2019"]
[Source "ChessBase"]
[SourceDate "2018.10.10"]
[SourceVersion "1"]
[SourceVersionDate "2018.10.10"]
[SourceQuality "1"]
[WhiteTeam "Czestochowa UKS Hetman U19"]
[BlackTeam "Poznan UMKS Na Pieterku U19"]
[WhiteTeamCountry "POL"]
[BlackTeamCountry "POL"]

1. c4 c5 2. Nc3 Nc6 3. Nf3 g6 4. e3 e5 5. d4 exd4 6. exd4 cxd4 7. Nxd4 a6 8. Be2 Bg7 9. Nxc6 bxc6 10. Ne4 d5 11. Nd2 Ne7 12. 0-0 Rb8 13. cxd5 Nxd5 14. Re1 0-0 15. Nc4 Bf5 16. Bg4 Bxg4 17. Qxg4 h5 18. Qe2 Re8 19. Be3 Nxe3 20. fxe3 Qd5 21. Rad1 Qb5 22. b3 Bc3 23. Rf1 c5 24. Qf3 Rf8 25. Rd3 Bg7 26. Rfd1 Qb7 27. Qxb7 Rxb7 28. Rd6 Ra8 29. Rc6 Bf8 30. Kf2 Raa7 31. Rd8 Kg7 32. e4 Rc7 33. Rxc7 Rxc7 34. Ra8 Rc6 35. Ke3 Be7 36. e5 Re6 37. Ke4 g5 38. Kd5 Kg6 39. Nd6 h4 40. h3 1-0